| 000 | 01286cam a22003495i 4500 | ||
|---|---|---|---|
| 999 |
_c28447 _d28418 |
||
| 001 | 16602708 | ||
| 003 | EG-ScBUE | ||
| 005 | 20200806134758.0 | ||
| 008 | 110107t20122012maua f b 001 0 eng d | ||
| 020 | _a9780240522241 | ||
| 040 |
_aDLC _beng _erda _cDLC _dDLC _dEG-ScBUE |
||
| 082 | 0 | 4 |
_a070.19 _bGEL _222 |
| 100 | 1 |
_aGeller, Valerie, _eauthor. |
|
| 245 | 1 | 0 |
_aBeyond powerful radio : _ba communicator's guide to the internet age : news, talk, information & personality for broadcasting, podcasting, internet, radio / _cValerie Geller ; edited by Turi Ryder. |
| 250 | _aRevised New edition. | ||
| 264 | 1 |
_aBurlington, MA : _bFocal Press / Taylor & Francis Group, _c2012. |
|
| 300 |
_axvii, 512 pages : _billustrations ; _c23 cm |
||
| 336 |
_atext _btxt _2rdacontent |
||
| 337 |
_aunmediated _bn _2rdamedia |
||
| 338 |
_avolume _bnc _2rdacarrier |
||
| 504 | _aIncludes bibliographical references and index. | ||
| 650 | 7 |
_aRadio broadcasting. _2BUEsh |
|
| 650 | 7 |
_aRadio broadcasters. _2BUEsh |
|
| 650 | 7 |
_aBroadcast journalism. _2BUEsh |
|
| 650 | 7 |
_aWebcasting. _2BUEsh |
|
| 650 | 7 |
_aInternet radio broadcasting. _2BUEsh |
|
| 650 | 7 |
_aCommunication. _2BUEsh |
|
| 653 |
_bCOMAME _cJuly2020 |
||
| 655 |
_vReading book _934232 |
||
| 700 | 1 |
_aRyder, Turi, _eeditor. |
|
| 942 |
_2ddc _cBB |
||